| 000 | 00423nam a2200157 4500 | ||
|---|---|---|---|
| 001 | 138099 | ||
| 003 | ES-MaACL | ||
| 007 | t| | ||
| 008 | 070214s1967 sp r ||||1| spa d | ||
| 100 | 1 |
_aSánchez Paredes, Pedro. _9102831 |
|
| 245 | 1 | 3 |
_aLa gran apostasía / _cPedro Sánchez Paredes. |
| 250 | _a1ª ed. | ||
| 260 |
_aBarcelona : _bMarte, _c1967. |
||
| 300 |
_a358 p. ; _c19 cm. |
||
| 852 |
_aES-MaACL _jE-2532 _bR.63945 |
||
| 999 |
_c138099 _d138099 |
||